[Event "SVK-chT2B 2223"]
[Site "Slovakia"]
[Date "2022.11.26"]
[Round "5.7"]
[White "Zernovic, Michal"]
[Black "Kudlej, Adam"]
[Result "1-0"]
[WhiteElo "1838"]
[BlackElo "1636"]
[PlyCount "85"]
[EventDate "2022.10.08"]
[EventType "team-tourn"]
[EventRounds "11"]
[EventCountry "SVK"]
[SourceTitle "EXT 2024"]
[Source "ChessBase"]
[SourceDate "2023.10.10"]
[SourceVersion "1"]
[SourceVersionDate "2023.10.10"]
[SourceQuality "1"]
[WhiteTeam "Povazske Podhradie"]
[BlackTeam "Belusa"]
[WhiteTeamCountry "SVK"]
[BlackTeamCountry "SVK"]

1. e4 c5 2. Bc4 Nc6 3. Nf3 g6 4. c3 Bg7 5. 0-0 Nf6 6. Re1 d5 7. exd5 Nxd5 8. Qb3 Na5 9. Qb5+ Bd7 10. Qxc5 Nxc4 11. Qxc4 Nb6 12. Qe2 Bf6 13. d4 Bg4 14. h3 Be6 15. Ne5 Nd7 16. Bf4 Qb6 17. Nxd7 Bxd7 18. Na3 0-0 19. Nc4 Qe6 20. Qd3 Qa6 21. Ne5 Qxd3 22. Nxd3 b6 23. Be5 Rfe8 24. Bxf6 exf6 25. Rxe8+ Rxe8 26. Re1 Kf8 27. Rxe8+ Kxe8 28. Kf1 Be6 29. b3 a5 30. c4 Kd7 31. d5 Bf5 32. Ke2 Kd6 33. g4 Bd7 34. Ke3 b5 35. Kd4 bxc4 36. bxc4 a4 37. c5+ Kc7 38. c6 Bc8 39. Kc5 Ba6 40. d6+ Kd8 41. Nb2 Bf1 42. Nxa4 Bxh3 43. c7+ 1-0

[Event "SVK-chT3B2 2122"]
[Site "Slovakia"]
[Date "2022.02.27"]
[Round "5.2"]
[White "Zernovic, Michal"]
[Black "Kothaj, Peter"]
[Result "1-0"]
[WhiteElo "1860"]
[BlackElo "1812"]
[PlyCount "47"]
[EventDate "2021.10.24"]
[EventType "team-tourn"]
[EventRounds "11"]
[EventCountry "SVK"]
[SourceTitle "EXT 2023"]
[Source "ChessBase"]
[SourceDate "2022.10.05"]
[SourceVersion "1"]
[SourceVersionDate "2022.10.05"]
[SourceQuality "1"]
[WhiteTeam "Povazske Podhradie II"]
[BlackTeam "Handlova"]
[WhiteTeamCountry "SVK"]
[BlackTeamCountry "SVK"]

1. e4 e5 2. Bc4 Nf6 3. d3 Be7 4. Nc3 c6 5. Nf3 d6 6. h3 b5 7. Bb3 Nbd7 8. a4 b4 9. Ne2 a5 10. Ng3 Nc5 11. Ba2 Rb8 12. Be3 Nfd7 13. Nf5 0-0 14. 0-0 g6 15. Nxe7+ Qxe7 16. Bh6 Re8 17. Ng5 Ne6 18. f4 d5 19. Nxe6 fxe6 20. Qg4 Kh8 21. fxe5 Qc5+ 22. Rf2 dxe4 23. Bxe6 Qe7 24. Raf1 1-0

[Event "SVK-chT3B2 2122"]
[Site "Slovakia"]
[Date "2022.02.13"]
[Round "4.3"]
[White "Zernovic, Michal"]
[Black "Sosovickova, Martina"]
[Result "1/2-1/2"]
[WhiteElo "1860"]
[BlackElo "1732"]
[PlyCount "35"]
[EventDate "2021.10.24"]
[EventType "team-tourn"]
[EventRounds "11"]
[EventCountry "SVK"]
[SourceTitle "EXT 2023"]
[Source "ChessBase"]
[SourceDate "2022.10.05"]
[SourceVersion "1"]
[SourceVersionDate "2022.10.05"]
[SourceQuality "1"]
[WhiteTeam "Povazske Podhradie II"]
[BlackTeam "Dubnica nad Vahom IV"]
[WhiteTeamCountry "SVK"]
[BlackTeamCountry "SVK"]

1. e4 e5 2. f4 d6 3. Nf3 Nc6 4. Bc4 h6 5. d4 Bg4 6. Bb5 a6 7. Bxc6+ bxc6 8. dxe5 dxe5 9. Qxd8+ Rxd8 10. fxe5 Bc5 11. Nbd2 Ne7 12. a3 0-0 13. b3 Rd7 14. Bb2 Rfd8 15. h3 Bh5 16. g4 Bg6 17. 0-0-0 Nc8 18. Rhe1 1/2-1/2

[Event "SVK-chT2B 1920"]
[Site "Slovakia"]
[Date "2019.12.14"]
[Round "5.5"]
[White "Belak, Stefan"]
[Black "Zernovic, Michal"]
[Result "1/2-1/2"]
[WhiteElo "1883"]
[BlackElo "1830"]
[PlyCount "33"]
[EventDate "2019.10.26"]
[EventType "team-tourn"]
[EventRounds "11"]
[EventCountry "SVK"]
[SourceTitle "CBM 194 Extra"]
[Source "ChessBase"]
[SourceDate "2020.03.31"]
[SourceVersion "1"]
[SourceVersionDate "2020.03.31"]
[SourceQuality "1"]
[WhiteTeam "Povazska Bystrica II"]
[BlackTeam "Povazske Podhradie"]
[WhiteTeamCountry "SVK"]
[BlackTeamCountry "SVK"]

1. e4 e5 2. Nf3 Nc6 3. Bb5 a6 4. Ba4 Nf6 5. 0-0 Be7 6. Re1 b5 7. Bb3 0-0 8. c3 d5 9. exd5 e4 10. Ng5 Bg4 11. f3 exf3 12. Nxf3 Na5 13. Bc2 Re8 14. d4 Qxd5 15. Qd3 Bxf3 16. Qxf3 Qxf3 17. gxf3 1/2-1/2

[Event "SVK-chT3B2 1819"]
[Site "Slovakia"]
[Date "2019.03.24"]
[Round "10.2"]
[White "Zernovic, Michal"]
[Black "Huliak, Pavol"]
[Result "1/2-1/2"]
[WhiteElo "1804"]
[BlackElo "1854"]
[PlyCount "110"]
[EventDate "2018.10.21"]
[EventType "team-tourn"]
[EventRounds "11"]
[EventCountry "SVK"]
[SourceTitle "CBM 189 Extra"]
[Source "ChessBase"]
[SourceDate "2019.06.03"]
[SourceVersion "1"]
[SourceVersionDate "2019.06.03"]
[SourceQuality "1"]
[WhiteTeam "Povazske Podhradie "]
[BlackTeam "Bojnice"]
[WhiteTeamCountry "SVK"]
[BlackTeamCountry "SVK"]

1. e4 c5 2. Bc4 Nc6 3. c3 e6 4. Nf3 Qc7 5. d4 cxd4 6. Nxd4 a6 7. 0-0 Bc5 8. Nb3 Ba7 9. Qg4 g6 10. N1d2 Nge7 11. Nf3 d5 12. Bd3 Bd7 13. Bg5 dxe4 14. Qxe4 Nd5 15. Rad1 h6 16. Bh4 f5 17. Qe1 g5 18. Bxf5 0-0-0 19. Bg3 Nf4 20. Bxf4 gxf4 21. Bxe6 Kb8 22. Rxd7 Rxd7 23. Bxd7 Qxd7 24. Qd2 Qxd2 25. Nbxd2 b5 26. Re1 b4 27. c4 Bd4 28. Nxd4 Nxd4 29. Re4 Rd8 30. Kf1 Rd6 31. Ke1 Ne6 32. Nf3 Nc5 33. Re8+ Kc7 34. Ne5 a5 35. Ke2 a4 36. f3 h5 37. g4 hxg4 38. fxg4 Ne6 39. h4 a3 40. bxa3 bxa3 41. g5 Nd4+ 42. Kf2 Rb6 43. g6 Rb2+ 44. Kf1 Nf5 45. Rf8 Ng3+ 46. Ke1 Nh5 47. Rf7+ Kd6 48. Nd3 Rxa2 49. g7 Rg2 50. Ra7 Rxg7 51. Ra6+ Kc7 52. Rxa3 Rg4 53. Ne5 Rxh4 54. c5 Nf6 55. Ra7+ Kc8 1/2-1/2

[Event "SVK-chT2B 1819"]
[Site "Slovakia"]
[Date "2019.03.03"]
[Round "9.6"]
[White "Zernovic, Michal"]
[Black "Bencok, Ladislav"]
[Result "0-1"]
[WhiteElo "1830"]
[BlackElo "1901"]
[PlyCount "68"]
[EventDate "2018.10.13"]
[EventType "team-tourn"]
[EventRounds "11"]
[EventCountry "SVK"]
[SourceTitle "CBM 189 Extra"]
[Source "ChessBase"]
[SourceDate "2019.06.03"]
[SourceVersion "1"]
[SourceVersionDate "2019.06.03"]
[SourceQuality "1"]
[WhiteTeam "Povazske Podhradie"]
[BlackTeam "Levice"]
[WhiteTeamCountry "SVK"]
[BlackTeamCountry "SVK"]

1. e4 c5 2. Bc4 Nc6 3. c3 Nf6 4. d3 d5 5. exd5 Nxd5 6. h3 e6 7. Nf3 Be7 8. 0-0 0-0 9. Be3 Nxe3 10. fxe3 Na5 11. Bb5 a6 12. Ba4 b5 13. Bc2 Bb7 14. Nbd2 Nc6 15. d4 cxd4 16. exd4 Qc7 17. Qe2 Rad8 18. Rae1 h6 19. Qe4 g6 20. Qe3 Kg7 21. Re2 Nb4 22. Bb1 Nd5 23. Qf2 Nf4 24. Ree1 g5 25. Ne4 b4 26. Qc2 f5 27. Ned2 Nxh3+ 28. gxh3 Qg3+ 29. Kh1 Qxh3+ 30. Kg1 Qg3+ 31. Kh1 g4 32. Re2 gxf3 33. Ref2 Qh3+ 34. Kg1 Kh8 0-1

[Event "SVK-chT2B 1819"]
[Site "Slovakia"]
[Date "2019.03.02"]
[Round "8.6"]
[White "Zahorsky, Robert"]
[Black "Zernovic, Michal"]
[Result "1-0"]
[WhiteElo "1893"]
[BlackElo "1830"]
[PlyCount "81"]
[EventDate "2018.10.13"]
[EventType "team-tourn"]
[EventRounds "11"]
[EventCountry "SVK"]
[SourceTitle "CBM 189 Extra"]
[Source "ChessBase"]
[SourceDate "2019.06.03"]
[SourceVersion "1"]
[SourceVersionDate "2019.06.03"]
[SourceQuality "1"]
[WhiteTeam "Tlmace"]
[BlackTeam "Povazske Podhradie"]
[WhiteTeamCountry "SVK"]
[BlackTeamCountry "SVK"]

1. d4 d5 2. c4 Bf5 3. Qb3 e5 4. e3 Nc6 5. cxd5 Nb4 6. Na3 exd4 7. Bc4 Qd6 8. Nb5 Nc2+ 9. Qxc2 Bxc2 10. Nxd6+ Bxd6 11. Bb5+ Ke7 12. exd4 Nf6 13. Bg5 Bb4+ 14. Kf1 Be4 15. a3 Ba5 16. b4 Bb6 17. Re1 a6 18. Bc4 Kd6 19. Bxf6 Bxg2+ 20. Kxg2 gxf6 21. Nf3 Rhg8+ 22. Kf1 Rg4 23. Rg1 Rf4 24. Rg3 h5 25. Re3 Bxd4 26. Nxd4 Rxd4 27. Bb3 a5 28. b5 a4 29. Ba2 Ra5 30. Rgf3 Rxb5 31. Rxf6+ Kd7 32. Rxf7+ Kd8 33. Rc3 Rb2 34. Rg3 Ke8 35. Rxc7 Kf8 36. Rf3+ Ke8 37. Bc4 Rb1+ 38. Kg2 Kd8 39. Rh7 Ke8 40. Rg3 Kf8 41. d6 1-0

[Event "SVK-chT2B 1819"]
[Site "Slovakia"]
[Date "2019.02.03"]
[Round "7.6"]
[White "Zernovic, Michal"]
[Black "Masarik, Drahoslav"]
[Result "0-1"]
[WhiteElo "1838"]
[BlackElo "1917"]
[PlyCount "82"]
[EventDate "2018.10.13"]
[EventType "team-tourn"]
[EventRounds "11"]
[EventCountry "SVK"]
[SourceTitle "CBM 189 Extra"]
[Source "ChessBase"]
[SourceDate "2019.06.03"]
[SourceVersion "1"]
[SourceVersionDate "2019.06.03"]
[SourceQuality "1"]
[WhiteTeam "Povazske Podhradie"]
[BlackTeam "Trencin"]
[WhiteTeamCountry "SVK"]
[BlackTeamCountry "SVK"]

1. e4 c6 2. f4 d5 3. e5 c5 4. Nf3 Bg4 5. h3 Bxf3 6. Qxf3 Nc6 7. c3 e6 8. Na3 Nge7 9. Nc2 g6 10. g3 Bg7 11. Bg2 0-0 12. Qf2 b6 13. d4 cxd4 14. Nxd4 Nxd4 15. cxd4 Qd7 16. 0-0 f6 17. Qe2 Nf5 18. Qd3 Qa4 19. Be3 Nxg3 20. Rfc1 Rac8 21. b3 Qd7 22. Bd2 Nf5 23. a4 Rxc1+ 24. Rxc1 Rc8 25. Rc3 fxe5 26. fxe5 Bf8 27. Bf1 a5 28. Kf2 Ba3 29. Be3 Rxc3 30. Qxc3 Bb4 31. Qc1 Be7 32. Bb5 Qd8 33. Qc6 Kf7 34. Ba6 Bh4+ 35. Ke2 Nxe3 36. Kxe3 Qg5+ 37. Kd3 Qf5+ 38. Kd2 Qf2+ 39. Kc3 Qe3+ 40. Kc2 Qxd4 41. Qc7+ Be7 0-1

[Event "SVK-chT2B 1819"]
[Site "Slovakia"]
[Date "2018.10.14"]
[Round "2.7"]
[White "Zernovic, Michal"]
[Black "Berza, Stefan"]
[Result "0-1"]
[WhiteElo "1824"]
[BlackElo "1991"]
[PlyCount "52"]
[EventDate "2018.10.13"]
[EventType "team-tourn"]
[EventRounds "11"]
[EventCountry "SVK"]
[SourceTitle "CBM 187 Extra"]
[Source "ChessBase"]
[SourceDate "2018.11.04"]
[SourceVersion "1"]
[SourceVersionDate "2018.11.04"]
[SourceQuality "1"]
[WhiteTeam "Povazske Podhradie"]
[BlackTeam "Komarno II"]
[WhiteTeamCountry "SVK"]
[BlackTeamCountry "SVK"]

1. e4 c5 2. Bc4 e6 3. c3 d5 4. exd5 exd5 5. Bb3 Nf6 6. d4 Be7 7. h3 0-0 8. Nf3 Nc6 9. Bg5 Bf5 10. 0-0 cxd4 11. Nxd4 Nxd4 12. Qxd4 h6 13. Bxf6 Bxf6 14. Qxd5 Qxd5 15. Bxd5 Rad8 16. Bb3 Rfe8 17. Na3 Re2 18. Rae1 Rde8 19. Rxe2 Rxe2 20. Nc4 Bd3 21. Rd1 Bxc4 22. Bxc4 Rxb2 23. Rd7 Bxc3 24. Rxf7 Rb1+ 25. Kh2 Rb4 26. Bb3 Rxb3 0-1

[Event "SVK-chT2B 1819"]
[Site "Slovakia"]
[Date "2018.10.13"]
[Round "1.7"]
[White "Kralova, Katarina"]
[Black "Zernovic, Michal"]
[Result "0-1"]
[WhiteElo "1948"]
[BlackElo "1824"]
[PlyCount "128"]
[EventDate "2018.10.13"]
[EventType "team-tourn"]
[EventRounds "11"]
[EventCountry "SVK"]
[SourceTitle "CBM 187 Extra"]
[Source "ChessBase"]
[SourceDate "2018.11.04"]
[SourceVersion "1"]
[SourceVersionDate "2018.11.04"]
[SourceQuality "1"]
[WhiteTeam "Batorove Kosihy II"]
[BlackTeam "Povazske Podhradie"]
[WhiteTeamCountry "SVK"]
[BlackTeamCountry "SVK"]

1. d4 d5 2. c4 Bf5 3. Nc3 Nf6 4. Nf3 Nc6 5. e3 e6 6. a3 Be7 7. Be2 0-0 8. 0-0 Ne4 9. Nd2 Nxc3 10. bxc3 Na5 11. cxd5 exd5 12. c4 dxc4 13. Nxc4 Nxc4 14. Bxc4 Be4 15. Qb3 b6 16. Bb2 Qd7 17. f3 Bb7 18. Rad1 Rad8 19. e4 Bc6 20. Qe3 Bb5 21. Qe2 Ba4 22. Rc1 c5 23. d5 b5 24. Ba2 c4 25. Qe3 Qc7 26. Bd4 Qd6 27. Rc3 a6 28. Rb1 Rfe8 29. Bxc4 bxc4 30. Rb6 Qd7 31. Rxc4 Bb5 32. Rc2 Rc8 33. Rxc8 Qxc8 34. a4 Bxa4 35. d6 Bd8 36. Rb1 Bb5 37. Rc1 Qe6 38. e5 f6 39. f4 h6 40. Qc3 fxe5 41. fxe5 Bg5 42. Re1 Rc8 43. Qb2 Rc6 44. Bc3 Qc8 45. Qb3+ Bc4 46. Qb4 Be6 47. Bd2 Rc4 48. Qa5 Qc5+ 49. Kh1 Qxa5 50. Bxa5 Rc1 51. Rxc1 Bxc1 52. Bc3 Kf7 53. Kg1 Be3+ 54. Kf1 Bc4+ 55. Ke1 Ke6 56. g3 Bb6 57. h3 a5 58. h4 h5 59. Ba1 a4 60. Bb2 g6 61. Bc3 a3 62. Ba1 a2 63. Bb2 Bb5 64. Ba1 Kd5 0-1

[Event "SVK-chT2B 1718"]
[Site "Slovakia"]
[Date "2018.01.13"]
[Round "5.8"]
[White "Zernovic, Michal"]
[Black "Belak, Stefan"]
[Result "0-1"]
[WhiteElo "1839"]
[BlackElo "1923"]
[PlyCount "96"]
[EventDate "2017.10.28"]
[EventType "team-tourn"]
[EventRounds "11"]
[EventCountry "SVK"]
[SourceTitle "EXT 2019"]
[Source "ChessBase"]
[SourceDate "2018.10.10"]
[SourceVersion "1"]
[SourceVersionDate "2018.10.10"]
[SourceQuality "1"]
[WhiteTeam "Povazske Podhradie"]
[BlackTeam "Povazska Bystrica"]
[WhiteTeamCountry "SVK"]
[BlackTeamCountry "SVK"]

1. e4 e6 2. f4 d5 3. e5 c5 4. c3 Nc6 5. Nf3 Nge7 6. Na3 a6 7. Nc2 Nf5 8. g4 Nh4 9. Bh3 Nxf3+ 10. Qxf3 Qh4+ 11. Qg3 Be7 12. d4 cxd4 13. Nxd4 Bd7 14. Be3 h6 15. Nf3 Qxg3+ 16. hxg3 Na5 17. Bf1 Nc4 18. Bxc4 dxc4 19. g5 Bc6 20. Kf2 0-0-0 21. gxh6 gxh6 22. Bd4 h5 23. Rh3 Rh7 24. Rah1 Rdh8 25. g4 Bxf3 26. Kxf3 hxg4+ 27. Kxg4 Rxh3 28. Rxh3 Rxh3 29. Kxh3 Kd7 30. Kg4 Kc6 31. Kh5 Bf8 32. Kg5 Bg7 33. f5 Kd5 34. f6 Bf8 35. b3 b5 36. bxc4+ bxc4 37. a4 Ke4 38. a5 Kd5 39. Kh5 Kc6 40. Kg5 Kd7 41. Bb6 Ke8 42. Kf4 Kd7 43. Ke4 Kc6 44. Kd4 Kb5 45. Ba7 Ba3 46. Bb8 Bc5+ 47. Ke4 Kxa5 48. Bd6 Kb5 0-1

[Event "SVK-chT3B2 1718"]
[Site "Slovakia"]
[Date "2018.01.07"]
[Round "7.4"]
[White "Zernovic, Michal"]
[Black "Kamas, Samuel"]
[Result "1-0"]
[WhiteElo "1835"]
[BlackElo "1825"]
[PlyCount "83"]
[EventDate "2017.10.08"]
[EventType "team-tourn"]
[EventRounds "11"]
[EventCountry "SVK"]
[SourceTitle "EXT 2019"]
[Source "ChessBase"]
[SourceDate "2018.10.10"]
[SourceVersion "1"]
[SourceVersionDate "2018.10.10"]
[SourceQuality "1"]
[WhiteTeam "Povazske Podhradie II"]
[BlackTeam "Povazska Bystrica Sparta II"]
[WhiteTeamCountry "SVK"]
[BlackTeamCountry "SVK"]

1. e4 e5 2. Bc4 Bc5 3. Nf3 Nc6 4. d3 h6 5. Be3 Bb6 6. 0-0 Nf6 7. h3 0-0 8. Nc3 d6 9. Nd5 Nxd5 10. Bxd5 Ne7 11. Bb3 Be6 12. Qd2 Ng6 13. Nh2 Qd7 14. d4 exd4 15. Bxd4 Bxd4 16. Qxd4 Rfe8 17. Rfe1 a6 18. Re3 Bxb3 19. Rxb3 Rab8 20. Ng4 Ne5 21. Rg3 Nxg4 22. Rxg4 Re5 23. f4 f5 24. Rxg7+ Qxg7 25. fxe5 fxe4 26. Qxe4 Qxe5 27. Qg4+ Qg7 28. Qxg7+ Kxg7 29. Re1 Kf7 30. Kf2 Re8 31. Rxe8 Kxe8 32. Kf3 Kf7 33. Kf4 Kf6 34. g4 d5 35. h4 c5 36. g5+ hxg5+ 37. hxg5+ Ke6 38. c3 b5 39. g6 b4 40. cxb4 cxb4 41. g7 Kf7 42. Ke5 1-0

[Event "SVK-chT2B 1718"]
[Site "Slovakia"]
[Date "2017.10.29"]
[Round "2.8"]
[White "Panik, Ladislav"]
[Black "Zernovic, Michal"]
[Result "1-0"]
[WhiteElo "1707"]
[BlackElo "1834"]
[PlyCount "51"]
[EventDate "2017.10.28"]
[EventType "team-tourn"]
[EventRounds "11"]
[EventCountry "SVK"]
[SourceTitle "CBM 181 Extra"]
[Source "ChessBase"]
[SourceDate "2017.12.12"]
[SourceVersion "1"]
[SourceVersionDate "2017.12.12"]
[SourceQuality "1"]
[WhiteTeam "Levice"]
[BlackTeam "Povazske Podhradie"]
[WhiteTeamCountry "SVK"]
[BlackTeamCountry "SVK"]

1. e4 e5 2. Nf3 Nf6 3. d4 Nxe4 4. Bc4 d5 5. Bb3 Bg4 6. dxe5 c6 7. 0-0 Nd7 8. Bf4 Bc5 9. h3 Bh5 10. g4 Bg6 11. Nbd2 0-0 12. Nxe4 dxe4 13. Nd2 Qh4 14. Kg2 Rad8 15. Qe2 h5 16. Bg3 Qg5 17. Nxe4 Bxe4+ 18. Qxe4 hxg4 19. hxg4 Rde8 20. f4 Qxg4 21. Rh1 g6 22. Rh4 Qf5 23. Qxf5 gxf5 24. Rah1 Kg7 25. Rh7+ Kg8 26. R7h5 1-0

[Event "SVK-chT2B 1617"]
[Site "Slovakia"]
[Date "2017.03.11"]
[Round "10.5"]
[White "Nikel, Rastislav"]
[Black "Zernovic, Michal"]
[Result "1-0"]
[WhiteElo "2032"]
[BlackElo "1833"]
[PlyCount "27"]
[EventDate "2016.10.08"]
[EventType "team-tourn"]
[EventRounds "11"]
[EventCountry "SVK"]
[SourceTitle "EXT 2018"]
[Source "ChessBase"]
[SourceDate "2017.10.13"]
[SourceVersion "1"]
[SourceVersionDate "2017.10.13"]
[SourceQuality "1"]
[WhiteTeam "Levice"]
[BlackTeam "Povazske Podhradie"]
[WhiteTeamCountry "SVK"]
[BlackTeamCountry "SVK"]

1. e4 e5 2. Nf3 Nf6 3. Bc4 d5 4. exd5 Bg4 5. h3 Bh5 6. g4 Nxg4 7. hxg4 Bxg4 8. Qe2 Bd6 9. Qe3 Nd7 10. d3 Bc5 11. d4 Bxf3 12. Qxf3 Bxd4 13. d6 f6 14. Qd5 1-0

[Event "SVK-chT2B 1617"]
[Site "Slovakia"]
[Date "2016.12.04"]
[Round "6.5"]
[White "Zernovic, Michal"]
[Black "Blazek, Milos"]
[Result "1/2-1/2"]
[WhiteElo "1833"]
[BlackElo "2032"]
[PlyCount "76"]
[EventDate "2016.10.08"]
[EventType "team-tourn"]
[EventRounds "11"]
[EventCountry "SVK"]
[SourceTitle "EXT 2018"]
[Source "ChessBase"]
[SourceDate "2017.10.13"]
[SourceVersion "1"]
[SourceVersionDate "2017.10.13"]
[SourceQuality "1"]
[WhiteTeam "Povazske Podhradie"]
[BlackTeam "Trencin"]
[WhiteTeamCountry "SVK"]
[BlackTeamCountry "SVK"]

1. e4 e5 2. Bc4 Nf6 3. d3 Nc6 4. Nf3 Bc5 5. Be3 Bxe3 6. fxe3 d5 7. exd5 Nxd5 8. Qd2 0-0 9. Nc3 Be6 10. Nxd5 Bxd5 11. Bxd5 Qxd5 12. e4 Qc5 13. 0-0-0 Rad8 14. g4 Rd6 15. h4 Rfd8 16. Kb1 Nd4 17. Nxd4 Qxd4 18. Qc3 c5 19. Qxd4 Rxd4 20. b3 b5 21. Kc1 Kf8 22. Rh2 c4 23. Rhd2 c3 24. Rf2 Ke7 25. Rdf1 f6 26. g5 R4d6 27. gxf6+ Rxf6 28. Rxf6 gxf6 29. Rg1 Kf7 30. Kd1 Rg8 31. Rxg8 Kxg8 32. Ke2 Kg7 33. Kf3 Kg6 34. b4 Kh5 35. Kg3 Kg6 36. Kg4 h5+ 37. Kg3 Kf7 38. Kf3 Ke6 1/2-1/2

[Event "SVK-chT2B 1617"]
[Site "Slovakia"]
[Date "2016.10.09"]
[Round "2.5"]
[White "Zernovic, Michal"]
[Black "Kukel, Imre1111"]
[Result "0-1"]
[WhiteElo "1833"]
[BlackElo "2256"]
[PlyCount "80"]
[EventDate "2016.10.08"]
[EventType "team-tourn"]
[EventRounds "11"]
[EventCountry "SVK"]
[SourceTitle "CBM 175 Extra"]
[Source "ChessBase"]
[SourceDate "2016.12.12"]
[SourceVersion "1"]
[SourceVersionDate "2016.12.12"]
[SourceQuality "1"]
[WhiteTeam "Povazske Podhradie"]
[BlackTeam "Komarno"]
[WhiteTeamCountry "SVK"]
[BlackTeamCountry "SVK"]

1. e4 c5 2. Bc4 e6 3. c3 Nf6 4. d3 a6 5. Bg5 b5 6. Bb3 Bb7 7. Nf3 d6 8. Nbd2 Nbd7 9. a4 Be7 10. 0-0 0-0 11. Re1 Qc7 12. c4 b4 13. Qc2 Rfe8 14. Re2 Bf8 15. Rae1 g6 16. h3 Bg7 17. Bf4 Nh5 18. Bh2 e5 19. g4 Nf4 20. Bxf4 exf4 21. Nh4 Nf8 22. Ndf3 Ne6 23. Qc1 Bf6 24. Ng2 g5 25. Rf1 Qd7 26. Bd1 h5 27. Nh2 Bc8 28. f3 Bd4+ 29. Kh1 Kg7 30. Ne1 Rh8 31. Nc2 hxg4 32. hxg4 b3 33. Nxd4 Nxd4 34. Qc3 f6 35. a5 Nxe2 36. Bxe2 Qa4 37. Kg2 Rb8 38. Rc1 Rb4 39. Bd1 Qxa5 40. Bxb3 Qb6 0-1

[Event "SVK-chT2B 1415"]
[Site "Slovakia"]
[Date "2015.02.14"]
[Round "8.6"]
[White "Kunovsky, Daniel"]
[Black "Zernovic, Michal"]
[Result "1/2-1/2"]
[WhiteElo "2022"]
[BlackElo "1823"]
[PlyCount "69"]
[EventDate "2014.10.11"]
[EventType "team-tourn"]
[EventRounds "11"]
[EventCountry "SVK"]
[SourceTitle "EXT 2019"]
[Source "ChessBase"]
[SourceDate "2018.10.10"]
[SourceVersion "1"]
[SourceVersionDate "2018.10.10"]
[SourceQuality "1"]
[WhiteTeam "Sala Slovan Duslo"]
[BlackTeam "Povazske Podhradie SK"]
[WhiteTeamCountry "SVK"]
[BlackTeamCountry "SVK"]

1. e4 e5 2. Nf3 Nf6 3. d4 Nxe4 4. Bd3 d5 5. dxe5 Bf5 6. 0-0 Bc5 7. Nbd2 Nxd2 8. Bxd2 Bxd3 9. cxd3 0-0 10. Qb3 Bb6 11. Rfe1 Nc6 12. a4 a5 13. Rac1 Qd7 14. Be3 Ra6 15. d4 Raa8 16. Qb5 h6 17. b3 Kh8 18. Qd3 Nb4 19. Qd2 Qf5 20. Rc3 Kh7 21. h3 Nc6 22. Nh2 f6 23. f4 Rae8 24. g4 Qd7 25. Nf3 fxe5 26. Nxe5 Nxe5 27. fxe5 Qf7 28. Qc2+ Kg8 29. Qg2 Qf3 30. Qxf3 Rxf3 31. Kg2 Ref8 32. e6 R3f6 33. e7 Re8 34. Bc1 c6 35. Rd3 1/2-1/2

[Event "SVK-chT3B2 1314"]
[Site "Slovakia"]
[Date "2014.03.23"]
[Round "10.1"]
[White "Zernovic, Michal"]
[Black "Krisko, Milan"]
[Result "1-0"]
[WhiteElo "1808"]
[BlackElo "1849"]
[PlyCount "75"]
[EventDate "2013.10.13"]
[EventType "team-tourn"]
[EventRounds "14"]
[EventCountry "SVK"]
[SourceTitle "EXT 2015"]
[Source "ChessBase"]
[SourceDate "2014.11.20"]
[SourceVersion "1"]
[SourceVersionDate "2014.11.20"]
[SourceQuality "1"]
[WhiteTeam "Povazske Podhradie SK"]
[BlackTeam "Handlova"]
[WhiteTeamCountry "SVK"]
[BlackTeamCountry "SVK"]

1. e4 e5 2. Bc4 Bc5 3. Nf3 Nc6 4. d3 Nf6 5. 0-0 0-0 6. Be3 Bb6 7. Nc3 d6 8. Bg5 h6 9. Bh4 Be6 10. Nd5 Bxd5 11. Bxd5 Qe7 12. Qd2 Nd8 13. Rae1 c6 14. Bb3 Ne6 15. Kh1 a5 16. a3 a4 17. Ba2 Nd4 18. Nxd4 Bxd4 19. c3 Bb6 20. f4 exf4 21. Qxf4 Bd8 22. e5 dxe5 23. Rxe5 Qd6 24. Qg3 Nd7 25. Rxf7 Rxf7 26. Bxf7+ Kh7 27. Re8 Qxg3 28. Bxg3 Nf6 29. Re2 Bb6 30. d4 Rf8 31. Re7 Nd5 32. Rd7 Nf6 33. Rxb7 Nd5 34. Bd6 Rd8 35. Be5 Rf8 36. Kg1 Bc7 37. Bxd5 Bxe5 38. Be4+ 1-0